| Tag |
First Indicator |
Second Indicator |
Subfields |
| LEADER |
00000pam a2200000 a 4500 |
| 001 |
in00000098046 |
| 005 |
20160106094642.0 |
| 008 |
820122s1982 nyuaf b 00110 eng |
| 010 |
|
|
|a 82001438
|
| 020 |
|
|
|a 0871966697
|
| 020 |
|
|
|a 0871966689 (pbk.)
|
| 035 |
|
|
|a (OCoLC)08171688
|
| 035 |
|
|
|9 AAK9410AM
|
| 039 |
0 |
|
|a 2
|b 3
|c 3
|d 3
|e 3
|
| 040 |
|
|
|a DLC
|c DLC
|d TXA
|d UtOrBLW
|
| 049 |
|
|
|a TXAM
|c [1562125]
|
| 050 |
0 |
0 |
|a HV6431
|b .D62 1982
|
| 082 |
0 |
|
|a 303.6/25
|2 19
|
| 100 |
1 |
|
|a Dobson, Christopher,
|d 1927-
|
| 245 |
1 |
4 |
|a The terrorists :
|b their weapons, leaders, and tactics /
|c by Christopher Dobson and Ronald Payne.
|
| 250 |
|
|
|a Rev. ed.
|
| 264 |
|
1 |
|a New York, N.Y. :
|b Facts on File,
|c [1982]
|
| 264 |
|
4 |
|c ©1982
|
| 300 |
|
|
|a 262 pages, 16 unnumbered pages of plates :
|b illustrations ;
|c 23 cm.
|
| 336 |
|
|
|a text
|b txt
|2 rdacontent
|
| 337 |
|
|
|a unmediated
|b n
|2 rdamedia
|
| 338 |
|
|
|a volume
|b nc
|2 rdacarrier
|
| 500 |
|
|
|a Includes index.
|
| 504 |
|
|
|a Bibliography: pages 255-256.
|
| 650 |
|
0 |
|a Terrorism.
|
| 700 |
1 |
|
|a Payne, Ronald,
|d 1926-2013.
|
| 999 |
|
|
|a MARS
|
| 999 |
f |
f |
|s 4ee2a007-8bf7-337a-92fd-49d330935146
|i a6d6c955-459c-33db-89f0-c2bdde596b5e
|t 0
|
| 952 |
f |
f |
|p ric
|a Texas A&M University
|b Rellis Campus
|c Joint Library Facility
|d Remote Storage
|t 0
|e HV6431 .D62 1982
|h Library of Congress classification
|i unmediated -- volume
|m A14806021302
|
| 998 |
f |
f |
|a HV6431 .D62 1982
|t 0
|l Remote Storage
|